All Country Flags - Randomized - Statistics

General Stats
  • This quiz has been taken 90 times
  • The average score is 161 of 196
Answer Stats
Picture Answer % Correct
Canada
92%
Albania
91%
Argentina
91%
France
91%
Nepal
91%
North Korea
91%
Norway
91%
Slovakia
91%
South Africa
91%
South Korea
91%
United Kingdom
91%
Brazil
89%
Finland
89%
Georgia
89%
Germany
89%
India
89%
Israel
89%
New Zealand
89%
Spain
89%
Switzerland
89%
Vatican City
89%
Afghanistan
87%
Australia
87%
Belgium
87%
China
87%
Croatia
87%
Cyprus
87%
Greece
87%
Iceland
87%
Ireland
87%
Italy
87%
Jamaica
87%
Japan
87%
Kenya
87%
Latvia
87%
Lebanon
87%
Poland
87%
Portugal
87%
Qatar
87%
Russia
87%
Saudi Arabia
87%
Sweden
87%
Ukraine
87%
Uruguay
87%
Austria
85%
Bangladesh
85%
Barbados
85%
Belarus
85%
Cambodia
85%
Chile
85%
Denmark
85%
Egypt
85%
Estonia
85%
Ivory Coast
85%
Kazakhstan
85%
Kyrgyzstan
85%
Malta
85%
Mexico
85%
Mongolia
85%
Nigeria
85%
North Macedonia
85%
Pakistan
85%
Philippines
85%
San Marino
85%
Thailand
85%
Turkey
85%
United States
85%
Venezuela
85%
Algeria
83%
Andorra
83%
Angola
83%
Armenia
83%
Bahrain
83%
Bhutan
83%
Bosnia & Herzegovina
83%
Chad
83%
Colombia
83%
Czech Republic
83%
Hungary
83%
Iran
83%
Kosovo
83%
Kuwait
83%
Liberia
83%
Malaysia
83%
Morocco
83%
Papua New Guinea
83%
Serbia
83%
Slovenia
83%
Taiwan
83%
Tunisia
83%
Uganda
83%
Uzbekistan
83%
Vietnam
83%
Azerbaijan
81%
Bahamas
81%
Bulgaria
81%
Cape Verde
81%
Cuba
81%
Dominican Republic
81%
D.R. Congo
81%
Eswatini
81%
Ethiopia
81%
Fiji
81%
Ghana
81%
Laos
81%
Liechtenstein
81%
Malawi
81%
Moldova
81%
Monaco
81%
Montenegro
81%
Niger
81%
Panama
81%
Romania
81%
Seychelles
81%
Singapore
81%
Sri Lanka
81%
St. Vincent and the Grenadines
81%
Syria
81%
Yemen
81%
Belize
79%
Burundi
79%
Central African Republic
79%
Costa Rica
79%
Dominica
79%
Ecuador
79%
Eritrea
79%
F.S. of Micronesia
79%
Grenada
79%
Guatemala
79%
Honduras
79%
Indonesia
79%
Jordan
79%
Lithuania
79%
Luxembourg
79%
Maldives
79%
Marshall Islands
79%
Mozambique
79%
Myanmar
79%
Netherlands
79%
Nicaragua
79%
South Sudan
79%
St. Kitts & Nevis
79%
St. Lucia
79%
Suriname
79%
Tonga
79%
Trinidad & Tobago
79%
Turkmenistan
79%
United Arab Emirates
79%
Zambia
79%
Zimbabwe
79%
Benin
77%
Botswana
77%
Burkina Faso
77%
Cameroon
77%
Comoros
77%
El Salvador
77%
Haiti
77%
Iraq
77%
Libya
77%
Madagascar
77%
Mali
77%
Mauritania
77%
Nauru
77%
Oman
77%
Palau
77%
Paraguay
77%
Peru
77%
Samoa
77%
Sao Tome & Principe
77%
Senegal
77%
Somalia
77%
Sudan
77%
Tanzania
77%
Togo
77%
Brunei
75%
Djibouti
75%
East Timor
75%
Equatorial Guinea
75%
Gabon
75%
Guinea
75%
Guinea-Bissau
75%
Guyana
75%
Kiribati
75%
Lesotho
75%
Namibia
75%
Rwanda
75%
Sierra Leone
75%
Solomon Islands
75%
Tajikistan
75%
Antigua and Barbuda
74%
Bolivia
74%
Gambia
74%
Mauritius
74%
Rep. of the Congo
74%
Tuvalu
74%
Vanuatu
74%
No matching quizzes found
Score Distribution
Percent of People with Each Score
Percentile by Number Answered
Your Score History
You have not taken this quiz